000 00426nam a2200133Ia 4500
008 170516s9999 xx 000 0 und d
245 _aMRI/DTI of the Brain Stem Reveals Reversible and Irreversible Disruption of the Baroreflex Neural Circuits: Clinical Implications
260 _bTheranostics
260 _c2016
300 _a6:6
650 _xMedical Technology
650 _xMedtech
856 _uhttp://www.thno.org/v6i6
999 _c330513
_d330513